000 00779nam a2200265Ia 4500
003 OSt
005 20220926020126.0
006 a|||||r|||| 00| 0
007 ta
008 220923b |||||||| |||| 00| 0 eng d
037 _cGeneral Book
040 _aRTL
_cRTL
_beng
041 _2eng
_aeng
082 _aY72M.4445.N6, K6;M2
100 _aHitchcock John T
_9131548
245 0 _aMountain village in Nepal
250 _a2
260 _aNew York
_bRinehart and Winston
_c1980
300 _axii,143p
_ccm.
490 _aCase Studies in Cultural Anthropology
500 _aPublished previously as Magars of Banyan Hill
650 _aTribal Sociology
942 _hY72M.4445.N6, K6;M2
_cGB
_2CC
999 _c633338
_d633338